| 000 | 00355cam a2200157ua 4500 | ||
|---|---|---|---|
| 041 |
_aeng _h |
||
| 082 |
_a822 _bPRI/PL |
||
| 100 | _aPriestly, J B. | ||
| 245 |
_aPlays, Vol 3 / _cJ B Priestly. _hTextual Documents |
||
| 260 |
_aLondon : _bHeinmann , _c1962. |
||
| 300 | _a476 ; . | ||
| 362 | 0 | _aVol 3- | |
| 504 | _a | ||
| 942 | _cBK | ||
| 999 |
_c480 _d480 |
||